| 000 | 02176cam a22003615a 4500 | ||
|---|---|---|---|
| 001 | 16748400 | ||
| 005 | 20161022131246.0 | ||
| 008 | 110423t2009 caua fr 001 0 eng d | ||
| 010 | _a 2011281703 | ||
| 020 | _a9781430216100 (pbk.) | ||
| 020 | _a1430216107 (pbk.) | ||
| 035 | _a(OCoLC)ocn262883195 | ||
| 040 |
_aBTCTA _beng _cBTCTA _dYDXCP _dGO4 _dBWX _dIXA _dSAP _dDLC _dEG-ScBUE |
||
| 082 | 0 | 4 |
_a006.786 _bPOW _222 |
| 100 | 1 | _aPowers, David. | |
| 245 | 1 | 4 |
_aThe Essential guide to Dreamweaver CS4 With CSS, Ajax, and PHP / _cDavid Powers. |
| 246 | 3 | _aDreamweaver CS4 With CSS, Ajax, and PHP | |
| 260 |
_a[Berkeley] : _bFriends of Ed ; _aNew York : _bDistributed by Springer-Verlag New York, _cc.2009. |
||
| 300 |
_axxvii, 942 p. : _bill. ; _c23 cm. |
||
| 490 | 0 | _aFriends of ED Adobe learning library | |
| 500 | _a"Completely revised and updated for CS4"--Cover. | ||
| 500 | _aIncludes index. | ||
| 505 | 0 | _aDreamweaver's new look : more than skin deep -- Setting up a site in Dreamweaver -- Creating a web page and adding content -- Using CSS to add a touch of style -- Creating a CSS site straight out of the box -- Building site navigation with the Spry menu bar -- Using Spry dynamic effects and components -- Going beyond the basics with Spry and Ajax -- Building online forms and validating input -- Introducing the basics of PHP -- Using PHP to process a form -- Reducing your workload with PHP includes -- Preserving design integrity with templates and InContext editing -- Storing user records in a database -- Validating database input and user authentication -- Working with custom forms and multiple tables -- Handling checkbox groups, searches, and dates -- Using XSLT to display live news feeds and XML -- Using Spry data sets to refresh content -- Deploying your site on the Internet. | |
| 630 | 0 | 0 | _aDreamweaver (Computer file) |
| 650 | 0 |
_aPHP (Computer program language) _2BUEsh |
|
| 650 | 0 |
_aAjax (Web site development technology) _2BUEsh |
|
| 650 | 0 |
_aCascading style sheets. _2BUEsh |
|
| 650 | 0 |
_aWeb site development. _2BUEsh |
|
| 651 | _2BUEsh | ||
| 653 |
_bCOMAME _bCOMSCI _cOctober2016 |
||
| 655 |
_vReading book _934232 |
||
| 942 | _2ddc | ||
| 999 |
_c22769 _d22741 |
||